| 000 | 00500cam a2200193 4500 | ||
|---|---|---|---|
| 001 | B443 | ||
| 008 | 090401t1986 xxu||||| |||| 00| 0 eng d | ||
| 035 | _a(Sirsi) u35887 | ||
| 041 | _aeng | ||
| 050 | _a333.78 | ||
| 110 |
_aCountryside Commission _92820 |
||
| 245 | _aRecreation 2000 :a discussion paper on future recreation policies | ||
| 260 |
_aCheltenham _bCountryside Commission _c1986 |
||
| 300 | _a(8)p. ; 30cm. | ||
| 350 | _a0 | ||
| 650 | _aLEISURE | ||
| 942 | _n0 | ||
| 948 | _c04/03/1997 | ||
| 999 |
_c90156 _d90156 |
||